000 00662nam a22001937a 4500
005 20161130130021.0
010 _aENG-116714
020 _a9788184845112
_c880.00
035 _aEN-100246
037 _bDBAD/PUB
082 _a305.51220954
100 _aDeshta,Sushant
245 _aSarvodya an alternative to caste-based reservations :
_cby Sushant Deshta ; foreword by Prem Kumar Dhumal
_ba study in Gandhian perspective /
260 _aNew Delhi
_bRegal Publications
_c2016
270 _aF-159, Rajouri Garden
_bNew Delhi
_e110027
300 _avi,312p.
_c23cm(Hb)
700 _a Dhumal,Prem Kumar
942 _2ddc
_cEN
_h305.51220954
_mDES
999 _c104870
_d104870